Grandes voûtes / par Paul Séjourné
Descripción Física:
6 v. ; 33 cm
MARC
| LEADER | 00000nam a2200000Ia 4500 | ||
|---|---|---|---|
| 001 | 14096, 14097, 14098, 14099, 14100, 14101 | ||
| 008 | 160829s1913 xx 000 0 cat d | ||
| 080 | |a FOL-2-32, FOL-2-33, FOL-2-34, FOL-2-35, FOL-2-36, FOL-2-37 | ||
| 100 | |a Séjourné, Paul |9 30061 | ||
| 245 | |a Grandes voûtes / par Paul Séjourné | ||
| 260 | |a Bourges : |b Impr. Vve. Tardy - Pigelet et Fils, |c 1913 | ||
| 300 | |a 6 v. ; |c 33 cm | ||
| 650 | |a Voltes (Arquitectura) |9 30062 | ||
| 650 | |a Ponts |9 30063 | ||
| 866 | |a 1, 2, 3, 4, 5, 6 | ||
| 901 | |a Arxiu | ||
| 942 | |n 1 | ||
| 952 | |0 0 |1 0 |4 0 |6 FOL232_FOL233_FOL234_FOL235_FOL236_FOL237 |7 1 |9 45239 |a Arxiu |b Arxiu |d 2016-12-01 |l 0 |o FOL-2-32, FOL-2-33, FOL-2-34, FOL-2-35, FOL-2-36, FOL-2-37 |p 14096, 14097, 14098, |r 2016-12-01 00:00:00 |w 2016-12-01 |y ARXIU | ||
| 999 | |c 48313 |d 48313 | ||